000 00371cam a2200157ua 4500
041 _aeng
_h
082 _a823.308
_bINN/CA
100 _aInnes, Hammond .
245 _aCampbell`s kingdom /
_cHammond Innes.
_hTextual Documents
250 _a1 /
_b.
260 _aLondon :
_bLongman ,
_c1962.
300 _a118 ; .
504 _a
942 _cBK
999 _c11973
_d11973